Loading...

Mallinatha /

Bibliographic Details
Main Author: Lalye, P. G.
Format: Printed Book
Language:English
Published: New Delhi : Sahitya Akademi, 2002. (2009.)
Edition:1st ed.
Series:Makers of Indian literature
Subjects:
LEADER 00718cam a22002177a 4500
005 20200326154024.0
008 020424s2002 ii b 000 0 eng
999 |c 7009  |d 7009 
020 |a 8126012382 
020 |a 9788126012381 
082 |a 891.2092   |b MAL/LAL 
100 1 |a Lalye, P. G. 
245 1 0 |a Mallinatha /  |c P.G. Lalye. 
250 |a 1st ed.  |b Reprint. 
260 |a New Delhi :  |b Sahitya Akademi,  |c 2002. (2009.) 
300 |a 130p. 
440 0 |a Makers of Indian literature 
600 0 0 |a Mallinātha. 
650 0 |a Sanskrit literature 
942 |2 ddc  |c BK 
952 |0 0  |1 0  |2 ddc  |4 0  |6 928_911000000000000_MAL_LAL  |7 0  |9 9957  |a MAIN  |b MAIN  |d 2014-06-06  |e Sahitya Akademi  |g 40.00  |o 928.911 MAL/LAL  |p 10120  |r 2014-06-06  |t 1  |w 2014-06-06  |y BK